Sekvenčná analýza, paleoprúdenie a prostredie uloženia spodnoeocénneho flyšu Oravskej Magury a bradlového pásma

Bibliographic Details
Main Authors: Marschalko, Róbert, 1929- (Author), Potfaj, Michal (Author)
Format: Article
Language:Slovak
Subjects:

MARC

LEADER 00000nab a2200000 a 4500
001 vtls000140717
003 SK-MaSNL
005 20260304234620.0
008 250422c1982 xo 0 slo
015 |a SNBRA19rr/mm-uuuuu 
035 |a CL0150823 
035 |a urn:nbn:sk:snk-ab77s6 
035 |a (uuid)c71dbbc8-576a-4e14-8705-5bf3bc6a6476 
035 |a (urnnbn)urn:nbn:sk:snk:ar-a074mx 
035 |a (sysno)vtls000140717 
040 |a SNKBUCL  |b slo  |c SNKBUCL  |e AACR2 
041 0 |a slo 
044 |a xo  |c SK 
080 |a 552.5  |2 1981 
080 |a 551.781.4  |2 1981 
100 1 |a Marschalko, Róbert,  |d 1929-  |4 aut  |9 92211 
245 1 0 |a Sekvenčná analýza, paleoprúdenie a prostredie uloženia spodnoeocénneho flyšu Oravskej Magury a bradlového pásma  |c Robert Marschalko, Michal Potfaj 
300 |b Obr. 8. Fot. 15. Tb. 14. Res. angl., lit. 29 zázn. v slov., angl., češ. 
650 0 7 |a flyš spodnoeocénny  |2 snkbucl  |9 1571316 
651 7 |a Oravská Magura (Slovensko : pohorie)  |2 snkbucl  |9 63069 
655 7 |a články zo zborníkov  |2 snkbucl  |9 166140 
700 1 |a Potfaj, Michal  |4 aut  |9 7471 
773 0 |t Geologické práce  |g Č. 78 (1982), s. 97-122 
850 |a Slovenská národná knižnica 
852 |a Slovenská národná knižnica 
954 |a odborná, vedecká literatúra pôvodná (slovenská)  |2 lita 
958 |a article27 
958 |a RK 
958 |a NB 
958 |a OND 
958 |a EUIPO 
992 |a RZB 
999 |c 3204921  |d 3206851